Sports Quiz

Random Sports or Football Quiz

Post-Merger NFL: Which is better: Offense or Defense? Quiz Stats

 Plays Quiz not verified by Sporcle

Score 0/32 Timer 05:00
0 Plays Today
Team PPG and Rank (Correct answer in CAPS) % Correct
Jaguars???
98.6%
Colts???
84.9%
Packers???
82.1%
Saints???
81.3%
Chargers???
80.2%
Patriots???
79.7%
Ravens???
77.5%
Cowboys???
77.5%
49ers???
76.1%
Bears???
75%
Falcons???
74.2%
Bengals???
69.5%
Buccaneers???
69.2%
Broncos???
67.9%
Rams???
66.2%
Steelers???
65.9%
Team PPG and Rank (Correct answer in CAPS) % Correct
Lions???
64%
Jets???
62.4%
Oilers/Titans???
62.1%
Giants???
62.1%
Browns???
61.8%
Cardinals???
59.9%
Raiders???
58.5%
Chiefs???
57.7%
Panthers???
55.8%
Vikings???
48.4%
Bills???
41.8%
Redskins???
41.5%
Eagles???
40.1%
Texans???
39.8%
Seahawks???
32.1%
Dolphins???
28.6%

You're not logged in!

Compare scores with friends on all Sporcle quizzes.
OR
Log In

Sporcle TV

Today on Sporcle TV


Watch our educational content, quiz creation guides, and fun videos on Sporcle TV.

Show Comments

Extras

Top Quizzes Today


Score Distribution

Your Account Isn't Verified!

In order to create a playlist on Sporcle, you need to verify the email address you used during registration. Go to your Sporcle Settings to finish the process.

Report this User

Report this user for behavior that violates our Community Guidelines.

Details: